000 00328nam a2200145 a 4500
008 961207s1971||||xx 0 und c
040 _aSNK
_bslo
_cSNK
_eAACR2
100 1 _aFerlinghetti, Lawrence
245 1 0 _aOna
260 _aBratislava
_bSmena
_c1971
300 _a153 s.
044 _axo
_cSK
041 _aslo
020 _c9
999 _c12096
_d12096